100 Biggest Cities in Nebraska on a Map - Statistics

General Stats
  • This quiz has been taken 14 times
  • The average score is 21 of 100
Answers on the Map
Answers color-coded by a green-red scale on the quiz's map according to % correct below.
 
Answer Stats
Population City % Correct
491,875 Omaha
100%
53,134 Grand Island
91%
291,333 Lincoln
91%
65,042 Bellevue
73%
33,800 Kearney
73%
27,135 Fremont
64%
23,407 North Platte
64%
14,451 Scottsbluff
55%
8,171 Alliance
45%
25,136 Hastings
45%
25,908 Norfolk
45%
12,247 Beatrice
36%
24,044 Columbus
36%
25,345 Papillion
36%
14,047 South Sioux City
36%
2,629 Valentine
36%
5,205 Chadron
27%
16,750 La Vista
27%
10,663 Lexington
27%
7,219 Nebraska City
27%
6,405 Sidney
27%
1,620 Ainsworth
18%
1,300 Arlington
18%
3,081 Ashland
18%
3,478 Auburn
18%
4,680 Aurora
18%
2,022 Bennington
18%
7,800 Blair
18%
3,985 Cozad
18%
7,589 Crete
18%
2,084 Dakota City
18%
3,004 David City
18%
8,621 Gering
18%
1,511 Gordon
18%
3,485 Gothenburg
18%
1,199 Grant
18%
2,280 Madison
18%
2,156 Milford
18%
1,278 North Bend
18%
1,374 Oakland
18%
6,598 Plattsmouth
18%
7,644 Seward
18%
1,500 Springfield
18%
1,945 Syracuse
18%
1,719 Tecumseh
18%
3,036 Valley
18%
4,813 Wahoo
18%
5,975 Wayne
18%
3,503 West Point
18%
1,240 Wisner
18%
8,061 York
18%
1,732 Albion
9%
1,307 Atkinson
9%
1,195 Battle Creek
9%
1,133 Bayard
9%
1,464 Bridgeport
9%
3,528 Broken Bow
9%
3,018 Central City
9%
11,064 Chalco
9%
1,151 Creighton
9%
3,964 Fairbury
9%
4,137 Falls City
9%
1,252 Fullerton
9%
2,137 Geneva
9%
1,880 Gibbon
9%
9,255 Gretna
9%
1,516 Hartington
9%
1,456 Hebron
9%
2,614 Hickman
9%
5,531 Holdredge
9%
2,069 Imperial
9%
2,295 Kimball
9%
1,332 Louisville
9%
7,427 McCook
9%
3,124 Minden
9%
1,546 Mitchell
9%
1,564 Neligh
9%
5,363 Offutt AFB
9%
4,875 Ogallala
9%
3,580 O'Neill
9%
2,112 Ord
9%
1,852 Pierce
9%
1,280 Plainview
9%
6,488 Ralston
9%
1,442 Ravenna
9%
6,541 Schuyler
9%
1,526 Stanton
9%
2,420 St. Paul
9%
1,144 Stromsburg
9%
1,818 Superior
9%
1,306 Sutherland
9%
1,448 Sutton
9%
1,712 Tekamah
9%
1,527 Wakefield
9%
4,278 Waverly
9%
1,976 Wilber
9%
1,830 Woodland Park
9%
1,181 Wood River
9%
1,377 Wymore
9%
1,346 Yutan
9%
No matching quizzes found
Score Distribution
Percent of People with Each Score
Percentile by Number Answered
Your Score History
You have not taken this quiz